Smallest Countries with at Least Two Borders - Statistics

General Stats
  • This quiz has been taken 43,075 times
    42,510 since last reset
  • The average score is 15 of 20
Answer Stats
Borders Continent Country % Correct
2 Europe Liechtenstein
97%
2 Europe Andorra
95%
3 Europe Luxembourg
94%
4 Europe Kosovo
82%
2 North America Belize
79%
2 North America El Salvador
77%
5 Europe Montenegro
77%
5 Europe North Macedonia
75%
2 Africa Eswatini
74%
4 Africa Rwanda
72%
3 Africa Burundi
70%
2 Asia Kuwait
70%
4 Europe Slovenia
70%
4 Asia Israel
68%
2 Asia Lebanon
68%
3 Africa Djibouti
66%
4 Europe Belgium
65%
4 Europe Albania
63%
2 Africa Equatorial Guinea
58%
4 Asia Armenia
56%
No matching quizzes found
Score Distribution
Percent of People with Each Score
Percentile by Number Answered
Your Score History
You have not taken this quiz since the last reset